000 00639cam a22001934a 4500
001 15311589
005 20250305015608.0
008 080602s2008 ce ab 000 0 sino
020 _a9789555093903
040 _aDLC
_cDLC
082 _222
_a891
_bMAL
100 1 _aJayatilaka, Malit.
245 1 0 _aAlimaṅkaḍa parājayen pasu Śrī Laṅkāva saha Indiyāva :
_baitihāsika sarasālē saṭan bima vetaṭa /
_cMalit Jayatilaka.
250 _aNava saṃskaraṇaya.
260 _aColombo
_bMalit Jayatilaka,
_c2005
300 _a608 p .,
500 _aStory of War between Sri Lankan Army and LTTE. Tamil (Indic people)
942 _cL
999 _c5989
_d5989